U.S. Cities With Only 1 Pro Sports Team - Statistics

General Stats
  • This quiz has been taken 548 times
    368 since last reset
  • The average score is 10 of 12
Answer Stats
Answer % Correct
Portland Trail Blazers
91%
Oklahoma City Thunder
87%
Raleigh (Carolina) Hurricanes
85%
San Antonio Spurs
85%
Memphis Grizzlies
82%
Green Bay Packers
81%
Jacksonville Jaguars
79%
Columbus Blue Jackets
77%
Orlando Magic
77%
Sacramento Kings
77%
San Diego Padres
70%
San Jose Sharks
60%
No matching quizzes found
Score Distribution
Percent of People with Each Score
Percentile by Number Answered
Your Score History
You have not taken this quiz since the last reset